| 000 | 00856aam a2200301 i 4500 | ||
|---|---|---|---|
| 001 | 768714001 | ||
| 003 | CO-MdFUSB | ||
| 005 | 20250521100148.0 | ||
| 007 | ta | ||
| 008 | 250521t1971 -us |||| |||| 00| 0 eng d | ||
| 040 | _cCO-MdFUSB | ||
| 041 | 0 | _aeng | |
| 082 | 0 | 4 |
_223 _a248.4 _bG483n |
| 100 | 1 |
_aGillquist, Peter E. (1931-) _eautor |
|
| 245 | 1 | 0 |
_aLove is now _c/ Peter E. Gillquist ; prólogo por Sherwood E. Wirt |
| 264 | 1 |
_bZondervan Publishing House, _aGrand Rapids, MI., USA : _c[1971] |
|
| 264 | 4 | _c©1971 | |
| 300 | _a126 páginas | ||
| 336 |
_atexto _btxt _2rdacontent |
||
| 337 |
_2rdamedia _asin mediación _bn |
||
| 338 |
_2rdacarrier _avolumen _bnc |
||
| 563 | _aRústico | ||
| 650 | 0 |
_aVida cristiana _919 |
|
| 700 |
_aWirt, Sherwood Eliot. _911547 _etraductor |
||
| 942 | _cBK | ||
| 945 | _aJTF-925 | ||
| 999 |
_c35791 _d35791 |
||